Andorran Parishes - Sudden Death - Statistics

General Stats
  • This quiz has been taken 94 times
  • The average score is 4 of 7
Answers on the Grid
Answers color-coded by a green-red scale on the quiz's grid according to % correct below.
Canillo
El Pas de la Casa
Encamp
La Fatarella
Incles
Urgell
Espot
La Massana
Santa Coloma
L’Hospitalet
Andorra-la-Vella
Sant Julia de Lòria
Ordino
El Tarter
Enveitg
Arinsal
Escaldes-Engordany
Puigcerdà
 
Answer Stats
Answer % Correct
Andorra-la-Vella
79%
Canillo
64%
Escaldes-Engordany
64%
La Massana
61%
Sant Julia de Lòria
61%
Encamp
58%
Ordino
55%
No matching quizzes found
Score Distribution
Percent of People with Each Score
Percentile by Number Answered
Your Score History
You have not taken this quiz